000 00814nam a2200289Ia 4500
005 20260324134728.0
008 008 260324s9999 xx 000 0 eng d
020 _a9781410608246
037 _aEBOOK
040 _aCRL
040 _beng
040 _cCRL
041 _2eng
041 _aeng
084 _qCRL
100 _aEdward J. Kame'enui; Deborah C. Simmons
_91197926
245 4 _aThe Role of Fluency in Reading Competence, Assessment, and instruction
245 0 _bFluency at the intersection of Accuracy and Speed: A Special Issue of scientific Studies of Reading
260 _bTaylor and Francis
260 _c2001
365 _a
365 _b300
856 _uhttp://www.taylorfrancis.com/books/9781410608246
942 _cEBOOK
999 _c1798300
_d1798300